Countries Ending With "Land" - Statistics

General Stats
  • This quiz has been taken 54 times
    29 since last reset
  • The average score is 5 of 7
Answer Stats
Continent Answer % Correct
Europe Iceland
90%
Europe Ireland
90%
Europe Finland
85%
Europe Poland
80%
Europe Switzerland
75%
Oceania New Zealand
65%
Asia Thailand
60%
No matching quizzes found
Score Distribution
Percent of People with Each Score
Percentile by Number Answered
Your Score History
You have not taken this quiz since the last reset